00953nam a2200265Ia 4500001000700000003000500007008004100012010001100053040000900064090001700073100004000090245013500130260004100265300001000306502007500316650004500391901001700436902000600453910000900459942000600468942000600474999001900480952009400499952009400593Z_5456CHAP220113s2006 xx 000 0 und d a168538 cCHAP aTesis G 1964 aGallegos Ramírez, Raymundo944415 aFactores que afectan el grosor del cascarón en gallinas Leghorn blancas en Tepatitlán, Jalisco /cRaymundo Gallegos Ramírez aChapingo, Méx. :bEl autor,c2006 a68 h. aTesis (Ing. Agr. Esp. en Zootecnia) -- UACH. Departamento de Zootecnia aCaracterísticas del cascarón9142854 aTESIS G 1964 aM a2006 c2 c2 c168538d168538 00104070aZbZc1d2006-11-28f2l0pz_T 3317r2022-01-18 00:00:00t1w2022-01-18y2z3 00104070aZbZc1d2006-11-28f2l0pz_T 3318r2022-01-18 00:00:00t2w2022-01-18y2z3